Statistics for Sean Bean Filmography

Click here to take the quiz!

General Stats

  • This quiz has been taken 65 times
    (5 since last reset)
  • The average score is 40 of 180

Answer Stats

TypeYearName% Correct
Film2003The Lord of the Rings: The Return of the King
100%
Film | Video Game2002The Lord of the Rings: The Two Towers
100%
TV Show2011Game of Thrones
80%
Film1995GoldenEye
80%
Film2001The Lord of the Rings: The Fellowship of the Ring
80%
Film2002Equilibrium
60%
TV Film1993Sharpe's Rifles
60%
Film2010Black Death
40%
Film2010Ca$h
40%
Film2010Death Race 2
40%
TV Show2013Family Guy
40%
Film2005Flightplan
40%
Film2015Jupiter Ascending
40%
Film2023Knights of the Zodiac
40%
Theater2002-2003Macbeth
40%
Film2012Mirror Mirror
40%
Film2010Percy Jackson & the Olympians: The Lightning Thief
40%
TV Film2006Sharpe's Challenge
40%
TV Film1994Sharpe's Enemy
40%
TV Film1995Sharpe's Gold
40%
TV Film2008Sharpe's Peril
40%
TV Film1996Sharpe's Regiment
40%
TV Film1997Sharpe's Revenge
40%
TV Film1997Sharpe's Waterloo
40%
TV Show2015-2017The Frankenstein Chronicles
40%
Film2005The Island
40%
Film2015The Martian
40%
Film2004Troy
40%
Film1996When Saturday Comes
40%
Documentary Series2017Yorkshire: A Year in the Wild
40%
Commercial2022Yorkshire Tea
40%
TV Show19914 Play
20%
TV Show2012Accused
20%
Film2011Age of Heroes
20%
Theater1986A Midsummer Night's Dream
20%
Film1997Anna Karenina
20%
Video Game2019A Plague Tale: Innocence
20%
TV Show1993A Woman's Guide to Adultery
20%
Commercial1982Barbican Beer
20%
Film1994Black Beauty
20%
TV Show2017Broken
20%
Film1986Caravaggio
20%
Video Game2016Civilization VI
20%
TV Mini-Series1991Clarissa
20%
Film2012Cleanskin
20%
TV Show2008, 2010Crusoe
20%
TV Show2019Curfew
20%
Film2017Dark River
20%
Theater1985Deathwatch
20%
Documentary Series1996, 1997Decisive Weapons
20%
Film2001Don't Say a Word
20%
Film2017Drone
20%
Film2000Essex Boys
20%
TV Film1985Exploits at West Poley
20%
TV Mini-Series1999Extremely Dangerous
20%
TV Pilot2006Faceless
20%
Film2007Far North
20%
TV Film1992Fool's Gold: The Story of the Brink's-Mat Robbery
20%
Video Game1997GoldenEye 007
20%
Theater1985Gone
20%
TV Film2003Henry VIII
20%
Video Game2018Hitman 2
20%
Film1989How to Get Ahead in Advertising
20%
TV Show1992Inspector Morse
20%
TV Film1994Jacob
20%
Video Game2015Kholat
20%
Theater1990Killing the Cat
20%
Film2016Kingsglaive: Final Fantasy XV
20%
TV Mini-Series1993Lady Chatterley
20%
TV Show2014-2015Legends
20%
Video Game2012Lego The Lord of the Rings
20%
Video Game2015Life Is Feudal
20%
TV Film1990Lorna Doone
20%
Commercial2002Marks & Spencer
20%
TV Show2022Marriage
20%
TV Show2018Medici: Masters of Florence
20%
TV Show2012Missing
20%
Commercial2006Morrisons
20%
Film2023Mummies
20%
TV Film1992My Kingdom for a Horse
20%
Film2004National Treasure
20%
Film2005North Country
20%
TV Documentary2007Once Upon a Time in Iran
20%
Film2007Outlaw
20%
Video Game2013Papa Sangre II
20%
Film1992Patriot Games
20%
Film2015Pixels
20%
Film2020Possessor
20%
TV Film2004Pride
20%
TV Mini-Series2009Red Riding
20%
TV Show2014Robot Chicken
20%
Documentary Series2016Roman Empire
20%
Theater1986, 1987Romeo and Juliet
20%
Film1998Ronin
20%
Theater1983Rosenkavalier
20%
TV Show2018Sally4Ever
20%
TV Mini-Series1994Scarlett
20%
TV Show1991Screen One
20%
TV Show1990Screen Two
20%
Documentary Mini-Series2015Sean Bean on Waterloo
20%
Web SeriesTBAShardlake
20%
TV Film1995Sharpe's Battle
20%
TV Film1994Sharpe's Company
20%
TV Film1993Sharpe's Eagle
20%
TV Film1994Sharpe's Honour
20%
TV Film1997Sharpe's Justice
20%
TV Film1996Sharpe's Mission
20%
TV Film1996Sharpe's Siege
20%
TV Film1995Sharpe's Sword
20%
Film1994Shopping
20%
Film2006Silent Hill
20%
Film2012Silent Hill: Revelation
20%
TV Show2020-2022Snowpiercer
20%
Film2012Soldiers of Fortune
20%
Theater1985Stalemate
20%
Film1988Stormy Monday
20%
Short Film2018Taniel
20%
Film2003The Big Empty
20%
TV Show1984The Bill
20%
TV Show1998The Canterbury Tales
20%
TV Film1989The Catherine Cookson Collection: The Fifteen Streets
20%
Film2005The Dark
20%
Video Game2006The Elder Scrolls IV: Oblivion
20%
Theater1986The Fair Maid of the West
20%
Film1990The Field
20%
Film2007The Hitcher
20%
TV Show1989The Jim Henson Hour
20%
Theater1983The Last Days of Mankind
20%
TV Film2010The Lost Future
20%
Commercial2003The National Blood Service
20%
TV Show2018The Oath
20%
TV Show1986The Practice
20%
Film2015The Snow Queen 2: The Snow King
20%
TV Show1988The Storyteller
20%
Theater1982The Three Sisters
20%
TV Show1999The Vicar of Dibley
20%
Film2016The Young Messiah
20%
TV Show2021Time
20%
Film2002Tom & Thomas
20%
Video Game2014Train Simulator 2014
20%
TV Mini-Series1988Troubles
20%
Film1989War Requiem
20%
TV Show2016Wasted
20%
Music Video2002We Are All Made of Stars
20%
TV Film1990Wedded
20%
Theater1985Who Knew Mackenzie
20%
Film2014Wicked Blood
20%
Film1990Windprints
20%
Film1984Winter Flight
20%
Film2020Wolfwalkers
20%
TV Show2019World on Fire
20%
Documentary Series201480s Greatest
0%
Film1998Airborne
0%
Short Documentary2022A Playground Like No Other
0%
TV Film1999Brave Two Zero
0%
TV Documentary2018Britain's Poppies: The First World War Remembered
0%
Film2024Buffalo Kids
0%
Documentary2005D-Day to Berlin
0%
Short Film2009Drumhead
0%
Film2004England's Story
0%
Documentary Series2011-2012Formula 1: BBC Sport
0%
TV Documentary2012Georgian Fighting Women
0%
Video Game2021Hitman 3
0%
Documentary2012Hooligan
0%
Documentary1998La Coupe De La Gloire: The Official Film of the 1998 FIFA World Cup
0%
Documentary Series2016Life Inside Jail: Hell on Earth
0%
Documentary Series2013Natural World
0%
TV Film1984Punters
0%
Documentary Series2008Real Prison Breaks
0%
Short Film1985Samson and Delilah
0%
TV Show1990Screenplay
0%
Documentary Series1995, 1996Survival
0%
Short Documentary2017The Unconquered
0%
TV Show2016The Untamed
0%
FilmTBAThe Yellow Tie
0%
Documentary Mini-Series2016Trawlermen Tales
0%
Documentary1994Trouble on the Terraces
0%
FilmTBAWatch the Skies
0%
Documentary2012Wild in the Streets
0%

Score Distribution

Percentile by Number Answered

Percent of People with Each Score

Your Score History

You have not taken this quiz since the last reset